MARC

LEADER 00000nam0a2200000 4500
001 297297
005 20231102001008.0
035 |a (RuTPU)RU\TPU\book\322430 
090 |a 297297 
100 |a 20150606d1983 k y0rusy50 ca 
101 0 |a rus 
102 |a RU 
105 |a a z 001zy 
200 1 |a Прогрессивные методы проектирования технологических процессов и производства двигателей летательных аппаратов  |e сборник научных трудов  |f Куйбышевский авиационный институт им. С. П. Королева ; под ред. И. А. Иващенко 
210 |a Куйбышев  |c Изд-во КАИ  |d 1983 
215 |a 137 с.  |c ил. 
320 |a Библиография в конце статей 
606 |a Двигатели летательных аппаратов  |2 stltpush  |3 (RuTPU)RU\TPU\subj\65814  |9 82182 
610 1 |a теория графов 
610 1 |a детали 
610 1 |a механическая обработка 
610 1 |a автоматизированное проектирование 
610 1 |a заготовки 
610 1 |a припуски 
610 1 |a лопатки 
610 1 |a сборка 
610 1 |a электрохимическая обработка 
610 1 |a давление 
610 1 |a распределение 
610 1 |a электрохимическое шлифование 
610 1 |a расчет 
610 1 |a гидроабразивная обработка 
675 |a 621.431.75  |v 4 
702 1 |a Иващенко  |b И. А.  |4 340 
712 0 2 |a Куйбышевский авиационный институт им. С. П. Королева  |c (1969-1992)  |2 stltpush  |3 (RuTPU)RU\TPU\col\8161  |9 24490 
801 1 |a RU  |b 63413507  |c 20150606 
801 2 |a RU  |b 63413507  |c 20190130  |g RCR 
942 |c BK